|
|
|
|
| LEADER |
00000nam a2200000 i 4500 |
| 001 |
DIGUAZUAY0128 |
| 003 |
NyNyDIG |
| 007 |
cr ||||||||||| |
| 008 |
251215s2022 ec abd ob 001 0 spa d |
| 006 |
m o d |
| 035 |
|
|
|a (OCoLC)1438861536
|
| 040 |
|
|
|a DGITA
|b eng
|e rda
|e pn
|c DGITA
|
| 020 |
|
|
|a 9789942847331
|q eBook
|
| 020 |
|
|
|z 9789942847324
|
| 043 |
|
|
|a s-ec---
|
| 050 |
1 |
4 |
|a F3741.A9 ebook
|
| 100 |
1 |
|
|a Ávila Pozo, Luis Ángel,
|e author.
|
| 245 |
1 |
0 |
|a Paute :
|b atlas cantonal /
|c autores, Luis Ángel Ávila Pozo [and 9 others].
|
| 264 |
|
1 |
|a Cuenca, Ecuador :
|b Universidad del Azuay, Casa Editora,
|c [2022]
|
| 300 |
|
|
|a 1 online resource :
|b illustrations, maps, charts.
|
| 336 |
|
|
|a text
|b txt
|2 rdacontent
|
| 337 |
|
|
|a computer
|b c
|2 rdamedia
|
| 338 |
|
|
|a online resource
|b cr
|2 rdacarrier
|
| 347 |
|
|
|a text file
|2 rdaft
|
| 347 |
|
|
|b PDF
|
| 504 |
|
|
|a Includes bibliographical references and indexes.
|
| 588 |
0 |
|
|a Online resource; title from PDF title page (Digitalia, viewed December 15, 2025)
|
| 651 |
|
0 |
|a Paute (Ecuador : Canton)
|v Statistics.
|
| 651 |
|
0 |
|a Paute (Ecuador : Canton)
|v Maps.
|
| 791 |
2 |
|
|a Digitalia (Firm),
|e distributor.
|
| 793 |
0 |
|
|g Digitalia eBook Collection:
|a Universidad del Azuay
|
| 776 |
0 |
8 |
|i Print version:
|a Ávila Pozo, Luis Ángel.
|t Paute.
|d Cuenca, Ecuador : Universidad del Azuay, Casa Editora, [2022]
|z 9789942847324
|
| 856 |
4 |
0 |
|3 Digitalia Hispánica
|u https://www.digitaliapublishing.com/a/133512/
|
| 910 |
|
|
|a Premium collection: 2025
|